ბათუმის შოთა რუსთაველის სახელმწიფო უნივერსიტეტის ბიბლიოთეკა

ვიზუალური რეკლამის თეორიული და პრაქტიკული ასპექტები : დისერტაცია / (ბიბ.ჩანაწერი № 51958)

000 -ლიდერი
ფიქსირებული სიგრძის საკონტროლო ველი 01599nam a2200253Ia 4500
001 - საკონტროლო ნომერი
საკონტროლო ველი 18959
003 - საკონტროლო ნომრის იდენტიფიკატორი
საკონტროლო ველი GE_BSU
005 - ბოლო ოპერაციის თარიღი და დრო
საკონტროლო ველი 20220920122604.0
008 - ფიქსირებული სიგრძის მონაცემთა ელემენტები - ზოგადი ინფორმაცია
ფიქსირებული სიგრძის საკონტროლო ველი 181216s2011||||ge |||||||||||||| ||geo||
040 ## - კატალოგიზაციის წყარო
Transcribing agency GE_BSU
041 ## - ენის კოდი
Language code of text/sound track or separate title geo
080 ## - უნივერსალური ათობითი კლასიფიკაციის ინდექსი
Universal Decimal Classification number 7.09 ს-26
100 ## - მთავარი ჩანაწერი - პიროვნების სახელი
Personal name სანიკიძე, სოფიო
9 (RLIN) 11711
245 ## - ცნობა სათაურის შესახებ
Title ვიზუალური რეკლამის თეორიული და პრაქტიკული ასპექტები : დისერტაცია /
Statement of responsibility, etc სოფიო სანიკიძე; სამეცნიერო ხელმძღვანელი ნოდარ სუმბაძე, მაია ჭიჭილეიშვილი; ბათუმის შოთა რუსთაველის სახ-ფო უნ-ტი.
264 ## - წარმოების, გამოცემის, დისტრიბუციის და სხვა ცნობები
გამოცემის, წარმოების, დისტრიბუციის... ადგილი ბათუმი,
გამოცემის, წარმოების, დისტრიბუციის... თარიღი 2011.
300 ## - ფიზიკური აღწერა
Extent 162 გვ.;
Other physical details 30 სმ.
653 ## - INDEX TERM--UNCONTROLLED
Uncontrolled term დისერტაცია
653 ## - INDEX TERM--UNCONTROLLED
Uncontrolled term ვიზუალური რეკლამის თეორიული და პრაქტიკული ასპექტები.
653 ## - INDEX TERM--UNCONTROLLED
Uncontrolled term ხელოვნება
700 ## - ADDED ENTRY--PERSONAL NAME
Personal name სუმბაძე, ნოდარ
Relator term სამეცნიერო ხელმძღვანელი
9 (RLIN) 11712
700 ## - ADDED ENTRY--PERSONAL NAME
Personal name ჭიჭილეიშვილი, მაია
Relator term სამეცნიერო ხელმძღვანელი
9 (RLIN) 11536
710 ## - ADDED ENTRY--CORPORATE NAME
Corporate name or jurisdiction name as entry element ბათუმის შოთა რუსთაველის სახელმწიფო უნივერსიტეტი.
9 (RLIN) 11713
942 ## - ADDED ENTRY ELEMENTS (KOHA)
Koha item type წიგნი
Source of classification or shelving scheme
ეგზემპლარები
ჩამოწერის სტატუსი დაკარგული ეგზემპლარის სტატუსი კლასიფიკაციის წყარო ან თაროზე გაწყობის სქემა დაზიანების სტატუსი არ გაიცემა მუდმივი მდებარეობა (დაცვის ადგილი) ამჟამინდელი ადგილსამყოფელი შეძენის თარიღი სრული შენახვის შიფრი შტრიხკოდი ბოლო ოპერაციის თარიღი ეგზემპლარის მიმდევრობითი ნომერი (კეტერი?) ფასის ძალაში შესვლის თარიღი ეგზემპლარის სახეობა
        შიდა ფონდი ბათუმის შოთა რუსთაველის სახელმწიფო უნივერსიტეტის მთავარი ბიბლიოთეკა ბათუმის შოთა რუსთაველის სახელმწიფო უნივერსიტეტის მთავარი ბიბლიოთეკა 2018-12-17 7.09 ს-26 86 დისერტ. 2018-12-17 86 2018-12-17 დისერტაცია